Magnetic stars (Record no. 10030)

MARC details
000 -LEADER
fixed length control field 00773nam a2200193Ia 4500
003 - CONTROL NUMBER IDENTIFIER
control field IN-BaIIA
008 - FIXED-LENGTH DATA ELEMENTS--GENERAL INFORMATION
fixed length control field 211028s9999 xx 000 0 eng d
020 ## - INTERNATIONAL STANDARD BOOK NUMBER
International Standard Book Number 5-02-024566-6
040 ## - CATALOGING SOURCE
Transcribing agency IIA Library
080 ## - UNIVERSAL DECIMAL CLASSIFICATION NUMBER
Universal Decimal Classification number 524.3-334.7
Item number MAG
100 ## - MAIN ENTRY--PERSONAL NAME
Personal name Glagolevskij, Yu V.
9 (RLIN) 16986
111 ## - MAIN ENTRY--MEETING NAME
Meeting name or jurisdiction name as entry element International Meeting on the Problem Physics and Evolution of Stars
Location of meeting Leningrad
Date of meeting or treaty signing 1987 Oct. 12-17
9 (RLIN) 16987
245 #0 - TITLE STATEMENT
Title Magnetic stars
Remainder of title proceedings of international meeting on the problem physics and evolution of stars, held in Leningrad, 12-17 Oct 1987
Statement of responsibility, etc. Yu V Glagolevskij
260 ## - PUBLICATION, DISTRIBUTION, ETC.
Place of publication, distribution, etc. Leningrad
Name of publisher, distributor, etc. Nauka Publishing
Date of publication, distribution, etc. 1988
300 ## - PHYSICAL DESCRIPTION
Extent 328p.
650 ## - SUBJECT ADDED ENTRY--TOPICAL TERM
Topical term or geographic name entry element Astronomy and astrophysics thesaurus
650 ## - SUBJECT ADDED ENTRY--TOPICAL TERM
Topical term or geographic name entry element Magnetic stars
9 (RLIN) 5410
942 ## - ADDED ENTRY ELEMENTS (KOHA)
Koha item type Books
Holdings
Withdrawn status Lost status Damaged status Not for loan Home library Current library Shelving location Date acquired Total Checkouts Full call number Barcode Date last seen Price effective from Koha item type
        IIA Library-Bangalore IIA Library-Bangalore General Stacks     524.3-334.7/ MAG 10940 05/11/2021   Books

Powered by Koha